000
00246nam a2200109Ia 4500
008
190216s9999||||xx |||||||||||||| ||und||
100
_a
Mohanavarma
245
0
_a
Gulf Kathakal
260
_b
Current Books
_c
1982
650
_a
Kathakal
942
_c
BK
999
_c
27748
_d
27748